000 00553nam a2200229Ia 4500
003 OSt
005 20220918201228.0
006 a|||||r|||| 00| 0
007 ta
008 220917b |||||||| |||| 00| 0 eng d
024 _a92,516
037 _cTextual
040 _aARTS
_cARTS
_beng
041 _2eng
_aeng
082 _aV1N, H82;1
100 _aEagleton Clyde
_997581
245 0 _aInternational government
260 _c1948
650 _aHISTORY
942 _hV1N, H82;1
_cTEXL
_2CC
999 _c216167
_d216167